| 000 | 00321nam a22001337a 4500 | ||
|---|---|---|---|
| 020 | _a9780072921984 | ||
| 040 | _cnust | ||
| 082 |
_a904.5 _bABB |
||
| 100 |
_aAbbot, L. Patrick _9122955 |
||
| 245 | _aNatural Disasters | ||
| 260 |
_aBoston: _bMcGraw-Hill, _c2004. |
||
| 650 |
_aNatural Disasters _930297 |
||
| 942 |
_2ddc _cBK |
||
| 999 |
_c609321 _d609321 |
||